| 000 | 00750cam a22002651 4500 | ||
|---|---|---|---|
| 001 | sa 67002799 | ||
| 003 | DLC | ||
| 005 | 20260227112333.0 | ||
| 008 | 810424s1965 ii b 000 0 eng | ||
| 010 | _asa 67002799 | ||
| 025 | _aPL480:I-E-7298 | ||
| 035 | _a(OCoLC)7364146 | ||
| 040 |
_aDLC _cMiRochOU _dDLC |
||
| 042 | _apremarc | ||
| 043 | _ae-ii--- | ||
| 050 | 0 | 0 |
_aDS480.45 _b.S56 |
| 100 | 1 |
_aSinha, Lalan Prasad, _d1925- |
|
| 245 | 1 | 4 |
_aThe left-wing in India, 1919-47, _cL. P. Sinha. |
| 260 |
_aMuzaffarpur, _bNew Publishers _c[1965] |
||
| 300 |
_axiv, 623 p. _c22 cm. |
||
| 504 | _aBibliography: p. [594]-617. | ||
| 651 | 0 |
_aIndia _xPolitics and government _y1765-1947. |
|
| 650 | 0 |
_aSocialism _zIndia. |
|
| 650 | 0 |
_aCommunism _zIndia. |
|
| 999 |
_c73435 _d73435 |
||